Superconductivity (Record no. 530999)

000 -LEADER
fixed length control field 00326nam a2200133Ia 4500
008 - FIXED-LENGTH DATA ELEMENTS--GENERAL INFORMATION
fixed length control field 191014s9999 xx 000 0 und d
020 ## - INTERNATIONAL STANDARD BOOK NUMBER
International Standard Book Number 416-11790-2
082 ## - DEWEY DECIMAL CLASSIFICATION NUMBER
Classification number 537.623
Author Mark LYN
100 ## - MAIN ENTRY--PERSONAL NAME
Personal name E.A. Lynton
9 (RLIN) 20417
245 #0 - TITLE STATEMENT
Title Superconductivity
260 ## - PUBLICATION, DISTRIBUTION, ETC.
Place of publication, distribution, etc. USA
Name of publisher, distributor, etc. Barnes & Noble Inc
Date of publication, distribution, etc. 1969
300 ## - PHYSICAL DESCRIPTION
Extent X,219
942 ## - ADDED ENTRY ELEMENTS (KOHA)
Koha item type Book
Holdings
Withdrawn status Lost status Damaged status Not for loan Permanent Location Current Location Date acquired Source of acquisition Cost, normal purchase price Total Checkouts Full call number Barcode Date last seen Price effective from Koha item type
        School of Natural Sciences (SNS) School of Natural Sciences (SNS) 10/15/2019 Donation 0.00   537.623LYN SNS0002776 10/15/2019 10/15/2019 Book
© 2023 Central Library, National University of Sciences and Technology. All Rights Reserved.